The analysis of time series : an introduction /

Guardado en:
Autor Principal: Chatfield, Christopher.
Formato: Libro
Idioma:English
Publicado: London : New York, N.Y. : Chapman and Hall ; Chapman and Hall in association with Methuen, 1980.
Edición:2nd ed.
Materias:
Etiquetas: Agregar Etiqueta
Sin Etiquetas, Sea el primero en etiquetar este registro!
LEADER 00987nam a22002895a 4500
001 EIQ.libpla002860
008 820619s1980####enka#####b####001#0#eng#d
005 20070906164558.0
245 1 4 |a The analysis of time series :  |b an introduction /  |c C. Chatfield. 
250 |a 2nd ed. 
260 |a London :  |b Chapman and Hall ;  |a New York, N.Y. :  |b Chapman and Hall in association with Methuen,  |c 1980. 
300 |a xiv, 268 p. :  |b il. ;  |c 22 cm. 
504 |a Bibliografía: p. 245-255. 
500 |a Incluye índices. 
020 |a 0412224607 (pbk.) 
100 1 |a Chatfield, Christopher. 
082 0 0 |a 519.5/5  |2 19 
650 4 |a Series de tiempo  |x Análisis. 
650 4 |a Matemática  |x Probabilidad. 
650 4 |a Matemática  |x Estadísticas. 
650 4 |a Mathematical  |x Statistics. 
650 4 |a Mathematical  |x Probability. 
650 4 |a Time-series  |x Analysis. 
650 4 |a Time-series  |x Analysis. 
010 |a  80040699  
040 |a DLC  |c DLC  |d AR-BbSID 
859 |a AR-BbSID  |b BIB. PLAPIQUI  |p 1490